| 000 | 00585nam a2200133 a 4500 | ||
|---|---|---|---|
| 008 | 080516s1999 ||||||||||||||||| || u | ||
| 050 | _aTHESIS/STUDENT | ||
| 100 | _aMasiye, Mawa | ||
| 245 | 1 | 0 | _aAchieving quality and the application of ISO 9000 in Zambian construction industry |
| 260 |
_aKitwe _bCopperbelt University, School of Built Environment, Department of Building _c1999 |
||
| 350 | _a0.00 | ||
| 650 | _aBUILDING | ||
| 995 |
_D0.00 _FCBU-MAIN LIBRARY (Kitwe) _H1 _I0.00 _M1 _UAVAILABLE _WMay 16, 2008 _ZUniversity Collection |
||
| 999 |
_c33401 _d33401 |
||